Abbey National Building Society v Cann and another (Record no. 24308)

MARC details
000 -LEADER
fixed length control field 01487cab a2200193 4500
001 - CONTROL NUMBER
control field ABS42591
008 - FIXED-LENGTH DATA ELEMENTS--GENERAL INFORMATION
fixed length control field 090401t1990 xxu||||| |||| 00| 0 eng d
035 ## - SYSTEM CONTROL NUMBER
System control number (Sirsi) u37738
041 ## - LANGUAGE CODE
Language code of text/sound track or separate title eng
245 ## - TITLE STATEMENT
Title Abbey National Building Society v Cann and another
260 ## - PUBLICATION, DISTRIBUTION, ETC.
Date of publication, distribution, etc. 1990
350 ## - PRICE (NR) (BK AM CF MU VM SE) [OBSOLETE]
Price 0
490 ## - SERIES STATEMENT
Series statement Weekly Law Reports
Volume/sequential designation (1990) 2 WLR 832-866(35)
520 ## - SUMMARY, ETC.
Summary, etc. HL 29 March 1990. The house owner (C) applied to the building society (A) for a mortgage to purchase a house for his own occupation, although in fact it was for his mother and her husband to live in. On the day the purchase was completed C`s mother was on holiday but her furniture was moved into the house. A few weeks after C was registered as the proprietor of the property. When C default ed on payments, A began proceedings to take possession of the house. C`s mother claimed that she had an equitable interest in the property for two reasons; 1. she had joined with C to buy a property previous to this property about to be possessed. 2. C had told her she would always have a roof over her head. This interest in the property took priority over A`s according to provisions in Land Registration Act 1925 s23(1) and s70(1)(g). The court made an order for possession in favour of A, taking the date of completion as the "relevant date for ascertaining the existence of an overriding interest no
650 ## - SUBJECT ADDED ENTRY--TOPICAL TERM
Topical term or geographic name entry element CONVEYANCING
690 ## - LOCAL SUBJECT ADDED ENTRY--TOPICAL TERM (OCLC, RLIN)
Topical term or geographic name as entry element PROPERTY LAW AND PRACTICE-CASE LAW
942 ## - ADDED ENTRY ELEMENTS (KOHA)
Suppress in OPAC 0
948 ## - LOCAL PROCESSING INFORMATION (OCLC); SERIES PART DESIGNATOR (RLIN)
c (OCLC) 04/03/1997
Holdings
Withdrawn status Lost status Source of classification or shelving scheme Damaged status Not for loan Home library Current library Shelving location Date acquired Total Checkouts Full call number Barcode Date last seen Copy number Price effective from Koha item type
    Dewey Decimal Classification     London London Journal article 14/09/1999   ABS42591 37738-1001 06/08/2019 1 06/08/2019 Law report